Top 100 Movie Features On Letterboxd - Statistics

General Stats
  • This quiz has been taken 598 times
  • The average score is 30 of 100
Answer Stats
Hint Answer % Correct
Vito barely survives an attempt on his life, so his youngest son steps in to take care of the would-be killers, launching a campaign of bloody revenge. The Godfather
89%
All unemployed, a family takes peculiar interest in the wealthy and glamorous Parks for their livelihood until they get entangled in an unexpected incident. Parasite
75%
Frodo inherits a mysterious ring from his uncle, and they must leave home in order to keep from falling into the hands of its evil creator. The Lord of the Rings: The Fellowship of the Ring
74%
Frodo and Sam take the ring closer to the heart of Mordor, the dark lord's realm. The Lord of the Rings: The Return of the King
74%
The story of a how a business man saved over a thousand Jewish lives from the Nazis. Schindler's List
70%
Dufresne comes to be admired by the other inmates, including an older prisoner named Red, for his integrity and unquenchable sense of hope. The Shawshank Redemption
69%
Why so serious? The Dark Knight
68%
What begins as an open and shut case soon becomes a mini-drama of each of the jurors' prejudices and preconceptions about the trial, the accused and each other. 12 Angry Men
67%
The mighty warriors who became the seven national heroes of a small town. Seven Samurai
67%
The Bates Motel is quirky, but seems fine. Until a woman decides to take a shower. Psycho
63%
In the 1950's, Michael Corleone attempts to expand the family business into Las Vegas, Hollywood and Cuba. The Godfather: Part 2
63%
Humanity finds a mysterious object on the lunar surface and sets off to find its origins with the help of HAL 9000. 2001: A Space Odyssey
62%
Skywalker learns the ways of the Jedi, but Vader is more determined than ever to capture him. The Empire Strikes Back
62%
A burger loving hitman, his philosophical partner, a drug-addled gangster's moll and a washed up boxer converge in this sprawling, comedic crime caper. Pulp Fiction
60%
A woman is obliged to do an interview with a psychopathic psychiatrist who is in prison for multiple counts of murder and cannibalism. The Silence of the Lambs
60%
A Brooklyn kid gets adopted into the Mafia family and climbs the ranks under he guidance of Jimmy Conway. Goodfellas
59%
An American-Jewish group known as 'The Basterds' are brought into France to spread fear into the 3rd Reich by brutally killing German soldiers. Inglorious Basterds
56%
A man accepts a job as caretaker at the Overlook Hotel, who he and his wife and kid must live isolated from the rest of the world for a winter. The Shining
55%
A man begins to suspect the murdering of his someone's wife while looking through a window. Rear Window
54%
Under the direction of a ruthless instructor, a talented young drummer begins to pursue perfection at any cost, even his humanity. Whiplash
54%
During its return to earth, a spaceship receives a distress call from another planet, the crew have no idea the nightmare set to descend upon them as an alien parasite planted inside its unfortunate host birthed. Alien
53%
Frodo and Sam or trekking to Mordor to destroy the One Ring of Power. All along, the wizard Saruman awaits the Fellowship members at the Orthanc Tower in Isengard. The Lord of the Rings: The Two Towers
53%
An impeccable rabble-rouser inspires his fellow mental asylum patients to rebel against the authoritarian rule of a head nurse. One Flew Over the Cuckoo's Nest
49%
A the height of the Vietnam War a captain is sent on a dangerous mission that, officially, " does not exist, nor will it ever exist". Apocalypse Now
48%
The 7 hour long adaptation of the novel by Leo Tolstoy. War and Peace
48%
A man stumbles upon dead bodies, 2 million dollars and a ton of heroin in the desert, but a methodical killer comes looking for it, with a local sheriff hot on his trail. No Country For Old Men
47%
When Kingpin uses a super collider, others from across the Spider-Verse are transported to this dimension. Spider-Man. Into the Spider-Verse
47%
Preacher suspects oil prospector's motives and intentions, starting a slow-burning feud that threatens both their lives. There Will Be Blood
43%
A man convinces a woman to get off a train in Vienna with him, and they both end up exploring the city taking in the experiences of Vienna and each other. Before Sunrise
41%
When her parents undergo a mysterious transformation, she must call upon the courage she never knew she had to free her family. Spirited Away
41%
George Bailey spent his entire life giving to the people of Bedford Falls. All that prevents Mr Potter from taking over the entire town is George's modest building and loan company. But on Christmas Eve the businesses $8000 is lost and George's troubles start again. It's a Wonderful Life
40%
9 years ago 2 strangers spent a night in Vienna that ended before sunrise, and are about to me for the first time since. Before Sunset
39%
On returning home, Florya finds his family and fellow peasants massacred. Come and See
38%
With no clue how he got imprisoned, drugged and tortured for 15 years, a desperate businessman seeks revenge on his captors. Oldboy
37%
A quiet loner, ruthless hit man and a Mexican bandit comb the American Southwest in search of a strongbox. The Good, the Bad and the Ugly
36%
The tale of a teenager warrior on trial for claiming she'd spoken to god. The Passion of Joan of Arc
35%
The world has never understood why the Japanese prefer death over dishonour. Harakiri
34%
A female painter is obliged to paint a wedding portrait of a young woman. Portrait of a Lady on Fire
34%
A filmmaker recalls his childhood love for movies, and forms a relationship with the theatre's projectionist Cinema Paradiso
33%
An Italian pizza shop wall becomes a symbol of Racism and hate to a neighbourhood, while tensions begin to rise. Do the Right Thing
33%
Legendary director Akira Kurosawa reimagines Shakespeare's King Lear as a singular historical epic set in 16th-century Japan. Ran
33%
A man challenges the Death to a chess match for his life. The Seventh Seal
32%
Researchers discover a beast can capture the shape of its victims. The Thing
31%
A woman is hired as a handmaiden to a Japanese heiress who lives a secluded life on a large countryside estate with a domineering uncle. The Handmaiden
30%
This film is about a penniless man who falls in love with a flower girl, by Charlie Chaplin. City Lights
29%
A stalker guides two men into the Zone, specifically to an area which deep-seated desires are granted. Stalker
28%
A man figures out how to go up the corporate ladder by lending his apartment to executives as a place to take their mistresses, although one night he has to deal with a major problem to solve. The Apartment
27%
A hack screenwriter writes a screenplay for a former silent film star who has faded into Hollywood obscurity. Sunset Boulevard
26%
Each member of a family in Taipei asks hard questions about life's meaning as they live through everyday quandaries. Yi Yi
26%
A special task force is set up to solve mysterious murders around an area, joined by a detective from Seoul who requested to be assigned to the case. Memories of Murder
25%
Ashitaka must find a way to balance a conflict between a girl who wants protect the forest, and one who wants to destroy it. Princess Mononoke
25%
A melancholy story about a man and a woman who live in the same building, but find out that both husband and wife of theirs are having an affair. In the Mood for Love.
23%
3 friends wander around unoccupied waiting for the news of their friends health after he was seriously injured in a confrontation with police. La Haine
22%
Learning he has cancer, a middle aged man starts searching for the meaning of his life. Ikiru
21%
A commanding officer defends 3 scapegoats on trial for a failed offensive which occurred in the French Army in 1916. Paths of Glory
21%
A retired pop singer turned actress' sense of reality shaken when she is stalked by an obsessed fan and seemingly ghost of her past. Perfect Blue
21%
An Irish rogue uses his cunning wit to work his way up the social classes of 18th century England. Barry Lyndon
20%
A young nurse is put in charge of a patient, who seems healthy in all respects, but cannot talk. Persona
20%
Executive of shoe company becomes victim of extortion when chauffeurs son is kidnapped and held ransom. High and Low
19%
Two sisters struggle to survive because of the fallout with their aunt which forces them to move into an abandoned bomb shelter. Grave of the Fireflies
18%
A mysterious harmonica player joins forces with a desperado to protect the woman and her land. Once Upon a Time in the West
18%
A man wanders into the desert not knowing who he is. His brother finds him and helps to pull his memory back of the life he led before he walked out on his family and disappeared 4 years earlier. Paris, Texas
18%
This expansive Russian drama focuses on a religious icon painter drifting from place to place in a tumultuous era, gaining a reputation for his artwork. Andrei Rublev
16%
Despite thinking all odds were against him, he finds out that life can be seen with other eyes. City of God
16%
A dying man recalls his childhood, his mother, the war and many personal moments that tell of and juxtapose pivotal moments in soviet history with daily life. Mirror
16%
A boy experiences first love, friendships and injustices growing up in 1950's Taiwan. A Brighter Summer Day
15%
The fictional account of the life of a Japanese author told in four parts. Mishima: A Life in Four Chapters
15%
Inhabitants of a small village in Hungary deal with the effects of the fall of Communism. Satantango
15%
As life goes on, relationships between parents and children will bring boundless joy and endless grief. Tokyo Story
15%
A woman must decide whether she chooses between love, or ballet. The Red Shoes
14%
After 7 years of absence, a woman travels to Sweden to reunite with her daughter Eva, despite them having a troubled relationship. Autumn Sonata
13%
When they die, they have to be judged by Christ, the Devil and the Virgin Mary. A Dog's Will
11%
A young man was placed on charges that he fraudulently impersonated a well known filmmaker by the name of Mohsen Makhmalbaf. Close-Up
11%
A bleak situation of a father's death becomes worse when a bishop becomes even more controlling, but dedicated relatives make a valiant attempt to aid their family. Fanny and Alexander
11%
After the Japanese defeat the Russians, Kaji leads the last remaining men through Manchuria. The Human Condition III: A Soldiers Prayer
11%
Bill struggles to put together his shattered psyche, in this feature film version of Don Hertzfeldt short film trilogy. It's Such a Beautiful Day
10%
Kaji witnesses abusive treatment in the army and revolts against such against the recruit Obara. The Human Condition II: Road to Eternity
10%
An escape attempt by Chinese prisoners results in Kaji's arrest for collusion. He faces the possibility of transferral to combat, or worse. The Human Condition I: No Greater Love
10%
A woman's extremely volatile behaviour prompts her husband to commit her to an institution for 6 months. Alone with his trio of kids, he awaits her return, which holds more than a few surprises. A Woman Under the Influence
9%
A trio search for refuge in the desolate red remains of Tokyo-3. But the danger to the world is far from over. Evangelion: 3.0 + 1.0 Thrice Upon a Time
8%
4 prison inmates hatch a plan to dig out of their cell, when another prisoner moves into their cell with them. Le Trou
8%
The story of a teenage boy named Yu who falls for a girl who is a photographer in the porn industry. Love Exposure
8%
This finale answers many of the questions surrounding the series, while also opening up some new possibilities. Neon Genesis: The End of Evangelion
8%
A troubled relationship becomes even rockier when the man admits he is having an affair. But even as they pursue other relationships, they both realize that they have a significant bond, despite the many issues that hinder that connection. Scenes from a Marriage
8%
This film traces the rebels struggle and increasingly extreme measures taken by the French Government to quell the revolt. The Battle of Algiers
8%
Entomologist suffers psychological and sexual torture after being taken captive by the residents of a poor seaside village. Woman in the Dunes.
8%
An emotive story on a former school teacher who writes letters for illiterate people and a young boy whose mother had just died. Central Station
7%
A woman's Aunt tries to convince a her niece that if she does not get married soon, she will likely remain alone for the rest of her life. Late Spring
7%
Three sons, a mother and a father share different views on each of their religions. Ordet
7%
A pair of Soviet Partisans leave their starving band to get supplies from a nearby farm, the problem is the Germans have reached the farm first. The Ascent
7%
Veronika and Boris come together in Moscow shortly before WW2. Boris promises to meet right before the fight. He misses the meeting, and Veronika waits faithfully. The Cranes are Flying
7%
An impoverished priest leaves his Bengal village in search of work, while his wife looks after their rebellious daughter. Pather Panchali
6%
A woman is robbed by her boyfriend and when she is saved, she embarks on a new journey of life. Even though she thinks her dreams are secure and her troubles are long gone, things may not be what they seem Nights of Cabiria
5%
Alexander who is a famous writer, has a only a few days to live. He meets a little boy on the street, who is an immigrant from Albania, and takes him home. Eternity and a Day
4%
The appearing of many foreigners at one time disturbs a small towns order in the Hungarian rural areas. Werckmeister Harmonies
4%
A man dreams for just one good meal on the Day of the Dead. After his wish is granted, he is asked to share his food for the Devil, God and Death, refusing all but Death. Macario
3%
A compassionate governor is sent into exile. His family tries to join, but are seperated and he children grow up amid suffering and oppression. Sansho the Bailiff
3%
An old college friend talks to a jobless ex-student into visiting up-country to a village wedding... The World of Apu
3%
A poor mans most prized possession is his donkey, but when it falls terminally ill, he makes a promise to Saint Barbara. The Given Word
2%
Otavio is an idealistic union leader trying to organise workers at a factory. His son who works there, is a realist and doesn't want to risk losing his job by striking, in which this clashing of perspectives put the father and son at odds. They Don't Wear Black Tie
2%
No matching quizzes found
Score Distribution
Percent of People with Each Score
Percentile by Number Answered
Your Score History
You have not taken this quiz